El abrazo (Registro nro. 9310)

Detalles MARC
000 -CABECERA
Longitud fija campo de control 01503nam a2200397 i 4500
003 - IDENTIFICADOR DEL NUMERO DE CONTROL
Identificador del número de control CO-BoRNBP
005 - FECHA Y HORA DE LA ULTIMA TRANSACCION
Fecha y hora de la última transacción 20230403203743.0
007 - CAMPO FIJO DE DESCRIPCION FISICA
Campo fijo de descripción física ta
008 - CODIGOS DE INFORMACION DE LONGITUD FIJA
Códigos de información de longitud fija 211027s2021 ck a ||ar ||| 00| 1 spa d
020 ## - NUMERO INTERNACIONAL NORMALIZADO PARA LIBROS
Número Internacional Normalizado para Libros (ISBN) 9789585350991
040 ## - FUENTE DE LA CATALOGACION
Centro catalogador de origen CO-BoRNBP
Lengua de catalogación spa
Normas de descripción rda
Centro transcriptor CO-BoRNBP
041 1# - CODIGO DE LENGUA
Código de lengua del texto/banda sonora o título independiente spa
Código de lengua original eng
043 ## - CODIGO DE AREA GEOGRAFICA
Código de área geográfica e-ie---
084 ## - Clasificación Local Alfanúmerica PNLB
Número de clasificación A MCL1
100 1# - PUNTO DE ACCESO PRINCIPAL-NOMBRE DE PERSONA
Nombre de persona McLaughlin, Eoin
Término indicativo de función autor
245 13 - TITULO PROPIAMENTE DICHO
Título El abrazo
Mención de responsabilidad, etc. texto Eoin McLaughlin ; ilustraciones Polly Dunbar ; traducción Teresa Broseta Fandos
250 ## - MENCION DE EDICION
Mención de edición Edición especial
264 #1 - PRODUCCION, PUBLICACION , DISTRIBUCION, FABRICACION Y COPYRIGHT
Lugar de producción, publicación, distribución, fabricación Medellín, Colombia
Nombre del productor, editor, distribuidor, fabricante AS Ediciones
-- Algar Editorial
Fecha de de producción, publicación, distribución, fabricación o copyright 2021
300 ## - DESCRIPCION FISICA
Extensión [18,26] páginas sin numerar y en paginación variada
Otras características físicas ilustraciones a color
Dimensiones 25 cm
336 ## - TIPO DE CONTENIDO
Término de tipo de contenido texto
Código de tipo de contenido txt
Fuente rdacontent
337 ## - TIPO DE MEDIO
Nombre del tipo de medio sin mediación
Código del tipo de medio n
Fuente rdamedia
338 ## - TIPO DE SOPORTE
Nombre del tipo de soporte volumen
Código del tipo de soporte nc
Fuente rdacarrier
490 0# - MENCION DE SERIE
Mención de serie Plan Nacional de Lectura y Escritura Leer es mi Cuento / Ministerio de Cultura
500 ## - NOTA GENERAL
Nota general Texto en páginas contrapuestas
521 ## - NOTA DE PUBLICO DESTINATARIO
Nota público destinatario (R ) Recomendado para un público infantil mayor de 3 años
534 ## - Nota De Versión Original
Título The hug
650 17 - PUNTO DE ACCESO ADICIONAL DE MATERIA - TERMINO DE MATERIA
Término de materia o nombre geográfico como elemento inicial Álbumes infantiles irlandeses
Fuente del encabezamiento LEMB
650 17 - PUNTO DE ACCESO ADICIONAL DE MATERIA - TERMINO DE MATERIA
Término de materia o nombre geográfico como elemento inicial Literatura infantil irlandesa
Fuente del encabezamiento LEMB
650 17 - PUNTO DE ACCESO ADICIONAL DE MATERIA - TERMINO DE MATERIA
Término de materia o nombre geográfico como elemento inicial Autores irlandeses
Fuente del encabezamiento LEMB
650 17 - PUNTO DE ACCESO ADICIONAL DE MATERIA - TERMINO DE MATERIA
Término de materia o nombre geográfico como elemento inicial Afecto (Psicología)
Subdivisión de forma Álbum
Fuente del encabezamiento LEMB
650 17 - PUNTO DE ACCESO ADICIONAL DE MATERIA - TERMINO DE MATERIA
Término de materia o nombre geográfico como elemento inicial Emociones infantiles
Subdivisión de forma Álbum
Fuente del encabezamiento LEMB
650 17 - PUNTO DE ACCESO ADICIONAL DE MATERIA - TERMINO DE MATERIA
Término de materia o nombre geográfico como elemento inicial Abrazos
Subdivisión de forma Álbum
Fuente del encabezamiento LEMB
700 1# - PUNTO DE ACCESO ADICIONAL - NOMBRE DE PERSONA
Nombre de persona Dunbar, Polly
Fechas asociadas al nombre 1980-
Término indicativo de función ilustradora
700 1# - PUNTO DE ACCESO ADICIONAL - NOMBRE DE PERSONA
Nombre de persona Broseta Fandos, Teresa
Término indicativo de función traductora
942 ## - ENTRADA DE ELEMENTOS AGREGADOS (KOHA)
Koha [por defecto] tipo de item Libro Literatura
Fuente de clasificaión o esquema Dewey Decimal Classification
Existencias
Perdido Fuente de clasificación o esquema Estado Físico No para préstamo Forma de adquisición Localización permanente Localización actual Localización en estanterías Fecha adquisición Préstamos totales Signatura completa Código de barras Fecha última consulta Número de copia Fecha del precio de reemplazo Tipo de item de Koha Note pública Fuente de adquisición Calificador de ubicación codificada
  Dewey Decimal Classification     Infantil Biblioteca Pública Cubarral Biblioteca Pública Cubarral Sala Infantil 07/26/2023   A MCL1 CUB01127 07/26/2023 Ej.1 07/26/2023 Libro Literatura      
  Dewey Decimal Classification     Infantil Biblioteca Pública Dorado Biblioteca Pública Dorado Sala Infantil 05/30/2023   A MCL1 DOR02932 05/30/2023 Ej.1 05/30/2023 Libro Literatura      
  Dewey Decimal Classification     Infantil Biblioteca Pública José Eustasio Rivera - San Martin Biblioteca Pública José Eustasio Rivera - San Martin Sala Infantil 02/16/2026   A MCL1 SM04410 02/16/2026 Ej.1 02/16/2026 Libro Literatura      
  Dewey Decimal Classification     Infantil Biblioteca Pública Puerto López - Jorge Eliecer Gaitán Biblioteca Pública Puerto López - Jorge Eliecer Gaitán Sala Infantil 05/29/2023   A MCL1 PLZ00307 05/29/2023 Ej.1 05/29/2023 Libro Literatura      
  Dewey Decimal Classification     Infantil Biblioteca Pública San Carlos de Guaroa - Eduardo Carranza Biblioteca Pública San Carlos de Guaroa - Eduardo Carranza Sala Infantil 05/19/2023   A MCL1 SG00401 05/19/2023 Ej.1 05/19/2023 Libro Literatura      
  Dewey Decimal Classification     Infantil Biblioteca Pública El Castillo - Alfonso Meneses Biblioteca Pública El Castillo - Alfonso Meneses Sala Infantil 08/09/2023   A MCL Ej.1 EC00135 08/09/2023 Ej.1 08/09/2023 Libro Literatura      
        Colección Sala Infantil de Literatura Pocatil y Tilín Biblioteca Pública Departamental Eduardo Carranza - Villavicencio Biblioteca Pública Departamental Eduardo Carranza - Villavicencio Sala Infantil 10/20/2023   A MCL1 ECA28596 11/26/2024 Ej.1 11/26/2024 LIbro 22214 | 27561    
  Dewey Decimal Classification     Infantil Biblioteca Pública Guamal Biblioteca Pública Guamal Sala Infantil 04/03/2023   A MCL1 GUA002958 04/03/2023 Ej.1 04/03/2023 Libro Infantil      
  Dewey Decimal Classification     Infantil Biblioteca Pública Mapiripan Biblioteca Pública Mapiripan Sala Infantil 01/26/2024   A MCL1 MAP00003993 01/26/2024 Ej.1 01/26/2024 Libro Literatura      
  Dewey Decimal Classification     Infantil Biblioteca Pública Medellin del Ariari - El Castillo Biblioteca Pública Medellin del Ariari - El Castillo Sala Infantil 06/28/2023   AMCL1EJ.1 BM0000203 06/28/2023 Ej.1 06/28/2023 Libro Literatura      
  Dewey Decimal Classification       Biblioteca Pública Rural El Yarí- vereda Playa Rica La Macarena Biblioteca Pública Rural El Yarí- vereda Playa Rica La Macarena Sala Infantil 11/08/2024   A MCL1 PRI'2021'14180 06/03/2025 Ej.1 06/03/2025 Libro Literatura   ministerio de cultura PRI'2021'14180
  Dewey Decimal Classification     Infantil Biblioteca Pública San Juanito - Ernesto Maria Peña Romero Biblioteca Pública San Juanito - Ernesto Maria Peña Romero Sala Infantil 01/16/2024   A MCL1 SJU00017 01/16/2024 Ej.1 01/16/2024 Libro Literatura      









Instituto Departamental de Cultura del Meta - Red Departamental de Bibliotecas Públicas del Meta.